Transfery Wisły Kraków w letnim okienku transferowym 2021/22. - Statystyki

Ogólne statystyki
  • Ten quiz został rozwiązany 36 razy
  • Średni wynik to 9 z 11
Statystyki odpowiedzi
Cena Pozycja Narodowość Poprzedni Klub Piłkarz % Poprawnych
Za darmo Środkowy obrońca Polska Wisła Płock Uryga
97%
Za darmo Lewy napastnik Polska Arka Gdynia Młyński
94%
Wypożyczenie Lewy obrońca Czechy Sparta Praga Hanousek
88%
Za darmo Bramkarz Polska Rio Ave Kieszek
85%
Za darmo Środkowy napastnik Czechy Slovacko Kliment
85%
Za darmo Środkowy pomocnik Słowacja Ferencvaros Skvarka
82%
? Bramkarz Polska Skra Częstochowa Biegański
79%
Za darmo Lewy napastnik Izrael St. Polten Hugi
79%
Za darmo Defensywny pomocnik Holandia AS Trencin El Mahdioui
62%
Za darmo Środkowy napastnik Polska Lech Poznań Sobol
62%
Za darmo Bramkarz Polska Odra Opole Rosa
44%
Nie znaleziono quizów pasujących do podanych kryteriów
Rozkład punktacji
Procent ludzi z każdym wynikiem
Percentyl według liczby udzielonych odpowiedzi
Twoja historia wyników
Nie rozwiązałeś tego quizu